[Event "Cto. Navarra por equipos - Division Hono"]
[Site "?"]
[Date "2017.10.21"]
[Round "2"]
[White "Zaratiegui Cardesa, Jose"]
[Black "Arrese-Igor Sanchez, Cesareo"]
[Result "1/2-1/2"]
[WhiteElo "1750"]
[BlackElo "1878"]

1.c4 b6 2.Nf3 Bb7 3.Nc3 e6 4.d4 Bb4 5.Bg5 f6 6.Bf4 f5 7.e3 Nf6 8.Bd3 Ne4 9.Bxe4
fxe4 10.Nd2 O-O 11.O-O Bxc3 12.bxc3 Na6 13.Qg4 Rf5 14.f3 exf3 15.gxf3 Qf8 16.Ne4
d6 17.Bg3 Qf7 18.Nd2 Rf8 19.e4 Rf6 20.Rf2 Rg6 21.Qh3 Qf4 22.Re1 e5 23.Kh1 Qf6
24.dxe5 dxe5 25.Nb3 Bc8 26.Qh5 Rg5 27.Qh4 Qe7 28.f4 exf4 29.Rxf4 Rxf4 30.Qxf4
Rg4 31.Qe5 Qxe5 32.Bxe5 Bb7 33.Nd2 Nc5 34.h3 Rh4 35.Kh2 Nxe4 36.Nxe4 Rxe4
37.Rxe4 Bxe4 1/2-1/2

[Event "Cto. Navarra por equipos - Division Hono"]
[Site "?"]
[Date "2017.10.21"]
[Round "2"]
[White "Martinez Ayesa, Aitor"]
[Black "Lisarri Tomas, Antonio"]
[Result "0-1"]
[WhiteElo "2048"]
[BlackElo "1967"]

1.Nf3 Nf6 2.c4 g6 3.g3 Bg7 4.Bg2 O-O 5.O-O c5 6.Nc3 Nc6 7.d4 cxd4 8.Nxd4 a6 9.h3
Qb6 10.Nb3 d6 11.Be3 Qc7 12.Rc1 Be6 13.Nd5 Qd8 14.Qd2 Rc8 15.Rfd1 Bxd5 16.cxd5
Ne5 17.Qb4 b5 18.Na5 Nfd7 19.b3 Nb8 20.f4 Ned7 21.Rxc8 Qxc8 22.Rc1 Qe8 23.Rc7 e5
24.Nc6 exf4 25.Bxf4 Qxe2 26.Nxb8 Qd1 27.Kh2 Bd4 28.h4 Nf6 29.Bf3 Qxf3 30.Qxd4
Qe2 31.Kg1 Ng4 32.Qd2 Qxd2 33.Bxd2 Rxb8 34.Rc6 Ne5 35.Rc2 Nf3 36.Kf2 Nxd2
37.Rxd2 Rc8 38.Ke3 f5 39.Kd4 Kf7 40.a4 b4 41.Re2 Rc3 42.Re6 a5 43.Rxd6 Rxb3
44.Ra6 Rxg3 45.Ke5 Re3 46.Kd6 f4 47.Rc6 f3 48.Rc1 Rc3 49.Rf1 Kf6 50.Kd7 Ke5
51.d6 Rd3 52.Ke7 Kf4 53.d7 Kg3 54.d8=Q Rxd8 55.Kxd8 Kg2 0-1

[Event "Cto. Navarra por equipos - Division Hono"]
[Site "?"]
[Date "2017.10.21"]
[Round "2"]
[White "Hernandez Barricarte, Miguel A"]
[Black "Forjan Jimenez, Pedro"]
[Result "1-0"]
[WhiteElo "1906"]
[BlackElo "1983"]

1.d4 b6 2.e4 Bb7 3.Bd3 e6 4.Nf3 Nf6 5.Qe2 c5 6.O-O Be7 7.c4 cxd4 8.e5 Ng8 9.Nxd4
Nc6 10.Nb5 a6 11.Nd6 Bxd6 12.exd6 Qh4 13.g3 Qd4 14.Bf4 Nf6 15.Rd1 Qc5 16.Be3
Qxd6 17.Be4 Qe5 18.Bf3 Qf5 19.Nc3 Nd4 20.Rxd4 Bxf3 21.Qd3 Qh3 22.Qf1 Qh5 23.Rh4
Qg6 24.Ne2 e5 25.Nc3 Qf5 26.Qb1 e4 27.Rf4 Qh3 28.Qf1 Qe6 29.Bd4 O-O 30.Bxf6 gxf6
31.Nd5 Rac8 32.Re1 1-0

[Event "Cto. Navarra por equipos - Division Hono"]
[Site "?"]
[Date "2017.10.21"]
[Round "2"]
[White "Lerendegui Lasa, Odei"]
[Black "Sola Plaza, Gregorio"]
[Result "1-0"]
[WhiteElo "1953"]
[BlackElo "1846"]

1.e4 e6 2.d3 d5 3.Nd2 Nc6 4.g3 Nf6 5.Bg2 dxe4 6.dxe4 e5 7.Ngf3 Be7 8.O-O O-O
9.c3 a5 10.Qc2 a4 11.Nc4 Ng4 12.Rd1 Qe8 13.h3 Be6 14.Ncd2 Nh6 15.Nf1 f5 16.Bxh6
gxh6 17.Ne3 f4 18.Nf5 Bc5 19.g4 h5 20.Ng5 Bc8 21.Qe2 Be6 22.Bf3 Kh8 23.Kh2 Bg8
24.gxh5 Ne7 25.Nh6 Qc6 26.Ng4 Bd6 27.Rg1 Bc4 28.Qc2 Ng8 29.h4 Qe8 30.Kh3 h6
31.b3 axb3 32.axb3 Rxa1 33.Rxa1 Ba6 34.Nh2 hxg5 35.hxg5 Be7 36.Rg1 Bb5 37.g6 Kg7
38.Bg4 Nh6 39.f3 Bd8 40.Rd1 Nxg4 41.Nxg4 Bd7 42.Qd3 Bxg4 43.fxg4 Qe7 44.Qf3 c6
45.g5 Qxg5 46.Rd7 Kg8 47.Rxb7 Bf6 48.Qg4 Qxg4 49.Kxg4 Bg7 50.Kf3 Rd8 51.Ke2 Kf8
52.Rf7 Kg8 53.Rc7 Kf8 54.Rxc6 Ke7 55.b4 Rd6 56.Rc7 Rd7 57.Rc6 Bh6 58.b5 Rd6
59.Rc7 Rd7 60.Rc5 Kf6 61.c4 Bg7 62.b6 Ke7 63.Rc6 Rb7 64.c5 Kd7 65.Rd6 Ke7 66.Rd3
Ke6 67.Kf3 Bf8 68.Rc3 Bxc5 69.Rxc5 Rxb6 70.g7 Rb8 71.h6 Kf6 72.Rc6 Kf7 73.Kg4
Kg8 74.Kf5 f3 75.Kg6 f2 76.h7 1-0

[Event "Cto. Navarra por equipos - Division Hono"]
[Site "?"]
[Date "2017.10.21"]
[Round "2"]
[White "Rodriguez Montes, Sostenes"]
[Black "Mancha Otano, Aritz"]
[Result "1/2-1/2"]
[WhiteElo "1816"]
[BlackElo "1919"]

1.e4 e5 2.Bc4 Nf6 3.Nc3 Bb4 4.d3 Bxc3 5.bxc3 d5 6.exd5 Nxd5 7.Qf3 c6 8.Qg3 O-O
9.Nf3 Re8 10.O-O Nd7 11.Re1 f6 12.Bh6 g6 13.Nh4 Nf8 14.Re4 Be6 15.d4 exd4
16.Rae1 Qd7 17.cxd4 Bf7 18.Bd2 Rxe4 19.Rxe4 Nb6 20.Bb3 Bxb3 21.Qxb3 Kg7 22.Qe3
Kf7 23.Qb3 Qd5 24.Qe3 Qd7 25.Qb3 Qd5 26.Qe3 1/2-1/2

[Event "Cto. Navarra por equipos - Division Hono"]
[Site "?"]
[Date "2017.10.21"]
[Round "2"]
[White "Vilchez Gonzalez, Angel"]
[Black "Igea Perez, Alfonso"]
[Result "0-1"]
[WhiteElo "1916"]
[BlackElo "1877"]

1.e4 c5 2.Nc3 Nc6 3.g3 Nf6 4.Bg2 e6 5.d3 d5 6.Bg5 d4 7.Nce2 Be7 8.Bxf6 Bxf6 9.f4
Qa5 10.Kf2 e5 11.Nf3 h5 12.h3 exf4 13.Nxf4 Be6 14.a3 Qc7 15.Nd5 Bxd5 16.exd5 Ne5
17.Qe2 O-O-O 18.Nd2 Bg5 19.Nc4 Nxc4 20.dxc4 Be3 21.Kf1 Rh6 22.Bf3 Qxg3 23.Qg2
Qf4 24.Ke2 Re8 25.Kd3 Rg6 0-1

[Event "Cto. Navarra por equipos - Division Hono"]
[Site "?"]
[Date "2017.10.21"]
[Round "2"]
[White "Juanco Elizari, Felix Javier"]
[Black "Pedchenko, Alex"]
[Result "0-1"]
[WhiteElo "1717"]
[BlackElo "1777"]

1.Nf3 Nf6 2.d4 d6 3.c4 g6 4.g3 Bg7 5.Bg2 O-O 6.O-O Nc6 7.Nc3 h6 8.e4 Bg4 9.h3
Bxf3 10.Bxf3 e5 11.d5 Ne7 12.Be3 Nd7 13.Qd2 Kh7 14.Bg2 f5 15.f4 b6 16.Kh2 a6
17.b4 fxe4 18.Bxe4 Nf5 19.Bg1 exf4 20.gxf4 Qh4 21.Rf3 Rae8 22.Bf2 Bxc3 23.Qxc3
Qf6 24.Re1 Qxc3 25.Rxc3 Nf6 26.Bf3 Rxe1 27.Bxe1 Re8 28.Bg3 Ne4 29.Bxe4 Rxe4
30.a3 Re3 31.Rxe3 Nxe3 32.c5 bxc5 33.Bf2 Nxd5 34.bxc5 dxc5 35.Bxc5 Nxf4 36.Kg3
Ne6 37.Be3 Kg7 38.h4 g5 39.Kg4 Kg6 40.Bd2 h5 41.Kg3 g4 42.Bc3 Kf5 43.Bd2 Nc5
44.Be3 Nd3 45.Bg5 Ke4 46.Bd2 c5 47.Kg2 c4 48.Bc3 Nf4 49.Kf2 Kd3 50.Bf6 c3 51.Bg5
Nh3 52.Kg3 0-1

[Event "Cto. Navarra por equipos - Division Hono"]
[Site "?"]
[Date "2017.10.21"]
[Round "2"]
[White "Lacruz Ochoa, Oier"]
[Black "Ruiz Turrillas, Alfredo"]
[Result "1-0"]
[WhiteElo "1700"]
[BlackElo "1782"]

1.e4 d5 2.exd5 c6 3.Nc3 cxd5 4.d4 Nf6 5.Nf3 Nc6 6.Bf4 a6 7.h3 e6 8.Bd3 Bd6
9.Bxd6 Qxd6 10.O-O Qf4 11.Ne2 Qc7 12.c3 Bd7 13.Qc2 h6 14.Rfe1 g5 15.Nh2 O-O-O
16.b4 a5 17.a4 Rdg8 18.Reb1 g4 19.h4 g3 20.fxg3 Nb8 21.Nf3 Ng4 22.Qd2 e5 23.dxe5
Nxe5 24.Nxe5 Qxe5 25.Qf4 Nc6 26.b5 Rg4 27.bxc6 Rxf4 28.cxd7 Kxd7 29.Nxf4 Rg8
30.Re1 Qh8 31.Bf5 Kd6 32.Rad1 1-0

[Event "Cto. Navarra por equipos - Division Hono"]
[Site "?"]
[Date "2017.10.21"]
[Round "2"]
[White "Jeddi, Abdelkader"]
[Black "Salvatierra Alzorriz, Haizea"]
[Result "1-0"]
[WhiteElo "1700"]
[BlackElo "1635"]

1.d4 c6 2.Nf3 d5 3.Bf4 Nd7 4.e3 Ngf6 5.Bd3 e6 6.O-O Nb6 7.Nbd2 Na4 8.Rb1 c5 9.c3
Bd7 10.e4 Be7 11.e5 Nh5 12.Be3 g6 13.Bc2 cxd4 14.Bxa4 dxe3 15.fxe3 O-O 16.Bxd7
Qxd7 17.Nb3 f6 18.Nbd4 f5 19.g3 Ng7 20.Qe2 g5 21.Qb5 Qc8 22.Nd2 g4 23.Rbe1 a6
24.Qb3 Rb8 25.c4 Qd7 26.cxd5 exd5 27.e6 Nxe6 28.Nxf5 Bf6 29.Nh6 Kh8 30.Nxg4 Bg7
31.Rxf8 Rxf8 32.Rf1 Rxf1 33.Kxf1 Nc5 34.Qd1 Bxb2 35.Qf3 Ne6 36.Nf6 Bxf6 37.Qxf6
Kg8 38.Nf3 Ng7 39.Ne5 Qf5 40.Qxf5 Nxf5 41.Ke2 Kg7 42.Kd3 Kf6 43.Nd7 Ke7 44.Nc5
Nd6 45.Kd4 Nb5 46.Kxd5 1-0

[Event "Cto. Navarra por equipos - Division Hono"]
[Site "?"]
[Date "2017.10.21"]
[Round "2"]
[White "Garbisu de Goni, Unai"]
[Black "Ortin Blanco, Inigo"]
[Result "1-0"]
[WhiteElo "2408"]
[BlackElo "2256"]

1.e4 c5 2.Nf3 d6 3.Bb5 Bd7 4.c4 g6 5.O-O Bg7 6.d4 cxd4 7.Nxd4 Nf6 8.Nc3 O-O 9.h3
a6 10.Bxd7 Nbxd7 11.b3 Rc8 12.Bb2 Nc5 13.Qe2 Nh5 14.Qd2 Nf4 15.Qxf4 Bxd4 16.Rad1
e5 17.Qf3 Ne6 18.Bc1 b5 19.Bh6 Bxc3 20.Qxc3 Re8 21.Be3 bxc4 22.bxc4 Qc7 23.Rc1
Qc6 24.f3 Qa4 25.Rfd1 Rc6 26.Qb3 Qxb3 27.axb3 Rb8 28.Rc3 Kf8 29.Rcd3 Ke7 30.Kf1
a5 31.Kf2 a4 32.bxa4 Rxc4 33.a5 Ra4 34.Bb6 Nd4 35.R1d2 Rc8 36.Bxd4 exd4 37.Rxd4
Rxa5 38.Rxd6 Rac5 39.Rd7 Kf8 40.h4 Rc2 41.h5 Rxd2 42.Rxd2 Kg7 43.Rd7 Rc5 44.h6
Kf6 45.g4 Rc6 46.Kg3 g5 47.e5 Ke6 48.Ra7 Rc5 49.Ra8 Kxe5 50.Rg8 Kf6 51.Rg7 Ra5
52.Rxh7 Kg6 53.Rg7 Kxh6 54.Rxf7 Kg6 55.Rd7 Ra6 56.Kf2 Re6 57.Rd4 Kf6 58.Re4 Ra6
59.Re8 Ra2 60.Re2 Ra6 61.Rd2 Re6 62.Rd5 Kg6 63.Rf5 Re7 64.Rc5 Re6 65.Rc4 Kf6
66.Rc3 Kg6 67.Re3 Ra6 68.Ke2 Kf6 69.Rd3 Re6 70.Kd2 Ra6 71.Rd4 Ra3 72.Ke2 Ke5
73.Re4 Kf6 74.Rc4 Rb3 75.Rc5 Ra3 76.Rf5 Kg6 77.Rd5 Kf6 78.Rd6 Kg7 79.Rd3 Ra6
80.Ke3 Kf6 81.Ke4 Ke6 82.Rd5 Kf6 83.Rf5 Kg6 84.Rc5 Rf6 85.Rc3 Ra6 86.Ke5 Ra5
87.Ke6 Ra6 88.Kd5 Kf6 89.Rc6 Rxc6 90.Kxc6 Ke5 91.Kd7 Kf4 92.Ke6 1-0

[Event "Cto. Navarra por equipos - Division Hono"]
[Site "?"]
[Date "2017.10.21"]
[Round "2"]
[White "Roldan Marques, Daniel"]
[Black "Ortega Lopez, Mikel"]
[Result "0-1"]
[WhiteElo "2145"]
[BlackElo "2228"]

1.d4 Nf6 2.c4 e6 3.Nf3 d5 4.e3 b6 5.Bd3 Bb7 6.O-O Nbd7 7.b3 Bd6 8.Bb2 O-O 9.Nbd2
Ne4 10.Ne5 Bxe5 11.dxe5 Ndc5 12.Be2 Nxd2 13.Qxd2 dxc4 14.Qxd8 Rfxd8 15.Bxc4 Bd5
16.Be2 a5 17.Rac1 a4 18.b4 a3 19.Bd4 Na6 20.Bxa6 Rxa6 21.Rxc7 Bxa2 22.Rc2 Bd5
23.b5 Raa8 24.Bxb6 Rdb8 25.Bd4 Rxb5 26.f3 h5 27.Kf2 Ra4 28.Rfc1 a2 29.Ba1 Rb1
30.Ke2 Ra7 31.Kd2 Rd7 32.Rc8 Kh7 33.Kc2 Bb3 0-1

[Event "Cto. Navarra por equipos - Division Hono"]
[Site "?"]
[Date "2017.10.21"]
[Round "2"]
[White "Urriza Iricibar, Pablo"]
[Black "Sesma Rubio, Patxi"]
[Result "1-0"]
[WhiteElo "2208"]
[BlackElo "2147"]

1.e4 e5 2.Nf3 Nc6 3.d4 exd4 4.Nxd4 Bc5 5.Nb3 Bb6 6.Qe2 d6 7.Nc3 Nd4 8.Qd3 Nxb3
9.axb3 a6 10.Nd5 Be6 11.Nxb6 cxb6 12.c4 Qc7 13.Qd4 f6 14.Be3 Qc5 15.Qd2 Qc6
16.Be2 Ne7 17.Bf3 Qc7 18.Qb4 Nc8 19.O-O O-O 20.Rfd1 a5 21.Qb5 Ra6 22.Bf4 Qc5
23.Rd3 Na7 24.Bxd6 Nxb5 25.Bxc5 bxc5 26.cxb5 Rb6 27.Rxa5 c4 28.bxc4 Bxc4 29.Rc3
Rxb5 30.Rxb5 Bxb5 31.e5 Rd8 32.h3 Ba6 33.e6 Kf8 34.Rc7 Re8 35.Rf7 Kg8 36.Bd5 h6
37.f4 f5 38.Rxf5 Bd3 39.Rf7 b5 40.e7 Kh7 41.Bc6 1-0

[Event "Cto. Navarra por equipos - Division Hono"]
[Site "?"]
[Date "2017.10.21"]
[Round "2"]
[White "Ortin Blanco, Ainhoa"]
[Black "Soriano Ascaso, Ignacio"]
[Result "1-0"]
[WhiteElo "2043"]
[BlackElo "2173"]

1.d4 Nf6 2.c4 c5 3.d5 b5 4.Qc2 bxc4 5.e4 e6 6.Bxc4 exd5 7.exd5 d6 8.Nc3 Be7
9.Nf3 O-O 10.O-O Ba6 11.Nd2 Bxc4 12.Nxc4 Nbd7 13.a4 Nb6 14.Ne3 Re8 15.a5 Nc8
16.Nc4 Qd7 17.h3 Rb8 18.Rd1 g6 19.a6 Rb4 20.Na5 Rd4 21.Be3 Rxd1 22.Rxd1 Nb6
23.Nc6 Bf8 24.Qd3 Bg7 25.Qb5 Rc8 26.Bg5 h6 27.Bf4 Kh7 28.Bg3 Nh5 29.Bh2 Re8
30.Nxa7 Qe7 31.Bxd6 Qxd6 32.Qxe8 Nf4 33.Qxf7 Nc4 34.Nab5 Qe5 35.a7 Qg5 36.g3
Nxh3 37.Kg2 Ne5 38.a8=Q Nxf7 39.Kxh3 Ne5 40.d6 h5 41.Qe4 Ng4 42.Kg2 Qf6 43.Qf4
Qd8 44.d7 Ne5 45.Qe4 Bf6 46.Nd5 Bg7 47.Nf4 h4 48.Ne6 Qf6 49.Qxh4 1-0

[Event "Cto. Navarra por equipos - Division Hono"]
[Site "?"]
[Date "2017.10.21"]
[Round "2"]
[White "Jimenez Martin, Gustavo"]
[Black "Laguardia Ortega, Moises"]
[Result "1/2-1/2"]
[WhiteElo "2137"]
[BlackElo "1983"]

1.d4 Nf6 2.Nc3 d5 3.Bg5 c6 4.Qd3 g6 5.f3 Bg7 6.e4 O-O 7.Nge2 b6 8.O-O-O Ba6
9.Qd2 Nbd7 10.e5 Ne8 11.h4 f6 12.exf6 exf6 13.Be3 Nd6 14.b3 Qe7 15.h5 Nf5 16.Bf4
Rae8 17.hxg6 hxg6 18.Ng3 Nxg3 19.Bxg3 Bxf1 20.Rhxf1 Qe3 1/2-1/2

[Event "Cto. Navarra por equipos - Division Hono"]
[Site "?"]
[Date "2017.10.21"]
[Round "2"]
[White "Garrido Lasheras, David"]
[Black "Mombiela Martinez, Gonzalo"]
[Result "0-1"]
[WhiteElo "2061"]
[BlackElo "2129"]

1.d4 d5 2.Bf4 e6 3.e3 f5 4.Nf3 Nf6 5.Ne5 Bd6 6.Nd2 Qe7 7.Be2 O-O 8.h4 Nbd7 9.c3
c5 10.Ndf3 Ne4 11.Bd3 Ndf6 12.Ng5 cxd4 13.Bxe4 dxe4 14.Qxd4 Bxe5 15.Bxe5 Rd8
16.Qc4 Ng4 17.Bf4 h6 18.f3 hxg5 19.hxg5 b5 20.Qe2 e5 21.Bg3 exf3 22.gxf3 Bb7
23.Rh4 Bxf3 24.Qxf3 Qxg5 25.Ke2 e4 26.Qf4 Qxf4 27.Bxf4 Rd3 28.Rah1 Kf7 29.Rh8
Rad8 30.Rxd8 Rxd8 31.a4 a6 32.axb5 axb5 33.Ra1 Rd5 34.Ra5 Ke6 35.Ra6 Ke7 36.Rb6
Kf7 37.Rb7 Kg6 38.Bb8 Kh6 39.Ba7 g5 40.Bd4 Nh2 41.b3 Nf3 42.Rb8 Kh5 43.Rh8 Kg4
44.Rg8 b4 45.Rc8 bxc3 46.Bxc3 Kg3 47.b4 Ng1 48.Ke1 Kf3 49.Rc5 Rd3 50.Bd4 f4
51.Rxg5 Ne2 52.Bc5 Nc3 0-1

[Event "Cto. Navarra por equipos - Division Hono"]
[Site "?"]
[Date "2017.10.21"]
[Round "2"]
[White "Monje Peinado, Roberto"]
[Black "Martinez Bernardo, Aitor"]
[Result "0-1"]
[WhiteElo "2053"]
[BlackElo "1972"]

1.d4 Nf6 2.c4 g6 3.g3 Bg7 4.Bg2 d5 5.cxd5 Nxd5 6.e4 Nb6 7.Ne2 O-O 8.O-O c5 9.d5
Na6 10.Nbc3 Bd7 11.b3 Rc8 12.Be3 Na8 13.a4 Qa5 14.Bd2 Nb4 15.Rb1 Nc7 16.Na2 b5
17.Qe1 Nca6 18.Nec1 bxa4 19.bxa4 Qxa4 20.Nxb4 cxb4 21.Bxb4 Nxb4 22.Qxb4 Qc2
23.Qb3 a5 24.Qxc2 Rxc2 25.Rb7 Rd8 26.Ra7 a4 27.Nd3 Bd4 28.Ra5 Rb8 29.e5 Bb6
30.Ra6 Bb5 31.Rxb6 Rxb6 32.Rb1 Bxd3 33.Rxb6 Rc1 34.Bf1 Bxf1 35.f4 Bc4 36.Kf2
Bxd5 0-1

[Event "Cto. Navarra por equipos - Division Hono"]
[Site "?"]
[Date "2017.10.21"]
[Round "2"]
[White "Anton Agramonte, Angel Luis"]
[Black "Cinza Lopez, Javier"]
[Result "0-1"]
[WhiteElo "1706"]
[BlackElo "2004"]

1.e4 d5 2.exd5 Nf6 3.d4 Nxd5 4.Nf3 g6 5.Bc4 Bg7 6.h3 O-O 7.O-O Bf5 8.Nc3 c6
9.Re1 Qd6 10.Bxd5 cxd5 11.Qe2 Nc6 12.Nb5 Qd8 13.c3 a6 14.Na3 b5 15.g4 Bd7 16.Nc2
Qb6 17.Ne3 e6 18.Ng2 b4 19.Bf4 Rfc8 20.Rab1 Qa5 21.cxb4 Qxb4 22.Be3 Nxd4 23.Nxd4
Bxd4 24.a3 Qb6 25.Qd2 Bxe3 26.Rxe3 Rc4 27.Rf3 Kg7 28.Qg5 Qd8 29.Qd2 Rac8 30.g5
Qb6 31.b3 Qd4 32.Rd3 Rc1 33.Rxc1 Rxc1 34.Kh2 Qe5 35.f4 Qa1 36.a4 Rh1 37.Kg3 e5
38.Rxd5 Rxh3 39.Kf2 Bc6 40.Rd3 Bxg2 41.Rxh3 Bxh3 42.Kg3 Be6 43.Qe3 exf4 44.Kxf4
Qb2 0-1

[Event "Cto. Navarra por equipos - Division Hono"]
[Site "?"]
[Date "2017.10.21"]
[Round "2"]
[White "Burguete Archel, Eduardo"]
[Black "Reinaldo Castineira, Roi"]
[Result "0-1"]
[WhiteElo "2201"]
[BlackElo "2495"]

1.d4 Nf6 2.c4 e6 3.Nf3 c5 4.d5 b5 5.Bg5 exd5 6.cxd5 h6 7.Bxf6 Qxf6 8.e4 Qxb2
9.Nbd2 c4 10.Be2 c3 11.Nb3 c2 12.Qc1 Ba3 13.Qxb2 Bxb2 14.Kd2 Bxa1 15.Rxa1 a6
16.Rc1 d6 17.Rxc2 Bd7 18.Rc7 Kd8 19.Rb7 Rf8 20.e5 Bc8 21.Rb6 dxe5 22.d6 Nd7
23.Rc6 f5 24.Nc5 Nxc5 25.Rxc5 Kd7 26.Rc7 Kxd6 27.Rxg7 Be6 28.Rg6 Rg8 29.Rxh6 Rh8
30.Rf6 Rag8 0-1

[Event "Cto. Navarra por equipos - Division Hono"]
[Site "?"]
[Date "2017.10.21"]
[Round "2"]
[White "Jimenez Almeida, Luis David"]
[Black "Argandona Salinas, Gorka"]
[Result "0-1"]
[WhiteElo "2208"]
[BlackElo "2054"]

1.Nf3 d5 2.c4 e6 3.g3 c6 4.Qc2 f5 5.Bg2 Nf6 6.O-O Bd6 7.d3 O-O 8.Nc3 Nbd7 9.e4
fxe4 10.dxe4 dxc4 11.Qe2 e5 12.Rd1 Qe7 13.Nd2 Nb6 14.h3 Be6 15.a4 Bc5 16.Nf3
Rad8 17.a5 Rxd1 18.Nxd1 Nbd7 19.Ng5 b5 20.axb6 axb6 21.Ne3 b5 22.Nf5 Bxf5
23.exf5 Nd5 24.g4 Re8 25.Ne6 Nf8 26.Ng5 Nd7 27.Ne6 Bd4 28.Bg5 N7f6 29.Re1 Ba7
30.Bxd5 cxd5 31.Qxe5 Bb8 32.Qd4 Ba7 33.Qf4 d4 34.Ra1 d3 35.Nxg7 Qxg7 36.Bxf6
Bxf2 37.Qxf2 Qxf6 38.Ra7 Qe5 39.f6 Qe1 40.Qxe1 Rxe1 41.Kf2 Re2 42.Kf3 Rxb2
43.Rg7 Kf8 44.Rxh7 d2 45.Rd7 c3 46.g5 c2 47.Rd8 Kf7 48.Rd7 Ke6 49.f7 d1=Q 50.Kg3
Qxd7 51.f8=N Kd6 52.g6 c1=Q 53.g7 Qxg7 54.Kh4 Qcg5 0-1

[Event "Cto. Navarra por equipos - Division Hono"]
[Site "?"]
[Date "2017.10.21"]
[Round "2"]
[White "Leranoz Zabalza, Adrian"]
[Black "Martinez Martin, I"]
[Result "1-0"]
[WhiteElo "2063"]
[BlackElo "2158"]

1.e4 c6 2.d4 d5 3.e5 Qb6 4.c4 Bf5 5.Nc3 dxc4 6.Bxc4 e6 7.Nf3 Bg4 8.O-O Ne7 9.h3
Bxf3 10.gxf3 Nf5 11.Bg5 h6 12.Be3 Qxb2 13.Qd3 Nxe3 14.Rab1 Qc2 15.Qxe3 b6
16.Rbc1 Qg6 17.Kh1 Ba3 18.Rcd1 Nd7 19.Rg1 Qh5 20.f4 g5 21.f5 exf5 22.e6 Nf6
23.exf7 Kf8 24.Rd3 Kg7 25.Qe6 Qg6 26.Rf3 Rad8 27.Ne2 Bd6 28.Bd3 Qxf7 29.Qxf5 Be7
30.Nf4 Rd6 31.Ng6 Re8 32.Ne5 Qh5 33.Rg4 Rh8 34.Kg2 Nxg4 35.Nxg4 Qe8 36.Qe5 Bf6
37.Qxd6 1-0

[Event "Cto. Navarra por equipos - Division Hono"]
[Site "?"]
[Date "2017.10.21"]
[Round "2"]
[White "Sanchez Carayol, Jesus Carlos"]
[Black "Ojer Lora, Iker"]
[Result "1-0"]
[WhiteElo "2042"]
[BlackElo "2055"]

1.e4 e6 2.d4 d5 3.e5 c5 4.dxc5 Nc6 5.Nf3 Bxc5 6.Bd3 Nge7 7.O-O Ng6 8.Re1 Qb6
9.Qe2 Ngxe5 10.Nxe5 Nxe5 11.Qxe5 Bxf2 12.Kh1 Bxe1 13.Qxe1 Qd4 14.Nc3 a6 15.Be3
Qe5 16.Qf2 O-O 17.Qh4 f5 18.Re1 Qf6 19.Bg5 Qf7 20.Be7 Re8 21.Bd6 Bd7 22.Be5 Qe7
23.Qg3 Rac8 24.Bd4 Qf7 25.Qe5 b5 26.Re3 b4 27.Rg3 Re7 28.Ne2 Bb5 29.h3 Bxd3
30.cxd3 Rec7 31.Qd6 1-0

[Event "Cto. Navarra por equipos - Division Hono"]
[Site "?"]
[Date "2017.10.21"]
[Round "2"]
[White "Lazkoz Diez, Oskar"]
[Black "Zamarbide Inarrea, Borja"]
[Result "0-1"]
[WhiteElo "1836"]
[BlackElo "2054"]

1.e4 c5 2.Nf3 g6 3.d4 Bg7 4.dxc5 Qa5 5.c3 Qxc5 6.Be3 Qc7 7.Na3 Bxc3 8.bxc3 Qxc3
9.Nd2 Qxa3 10.Nc4 Qc3 11.Bd2 Qd4 12.e5 b5 13.Rc1 bxc4 14.Bxc4 Qe4 15.Be3 Nc6
16.Bd5 Qb4 17.Kf1 Ba6 18.Kg1 Rc8 19.h3 Nxe5 20.Rb1 Qd6 0-1

[Event "Cto. Navarra por equipos - Division Hono"]
[Site "?"]
[Date "2017.10.21"]
[Round "2"]
[White "Lopez Orois, Jose Manuel"]
[Black "Larrea Reta, Javier"]
[Result "1/2-1/2"]
[WhiteElo "2001"]
[BlackElo "1838"]

1.e4 c5 2.Nf3 d6 3.Bb5 Bd7 4.Bxd7 Nxd7 5.O-O Ngf6 6.Qe2 e5 7.c3 Be7 8.d4 O-O
9.Rd1 Qc7 10.Bg5 Rfd8 11.d5 h6 12.Bxf6 Bxf6 13.Nbd2 a6 14.Nf1 b5 15.Ne3 g6 16.h4
Bg7 17.g3 Nf6 18.Nd2 Qd7 19.Kg2 Rf8 20.Rf1 Rae8 21.a4 h5 22.axb5 axb5 23.Ra6 Ra8
24.Rfa1 Rxa6 25.Rxa6 Bh6 26.Nef1 Ne8 27.Ne3 Qb7 28.Ra1 b4 29.Qa6 Qb8 30.Ndc4
bxc3 31.bxc3 Bxe3 32.Nxe3 f5 33.exf5 gxf5 34.Qd3 e4 35.Qd1 Ng7 36.Qb1 Qc8 37.Ra7
f4 38.gxf4 Rxf4 39.Qb7 Qf8 40.Ra8 Ne8 41.Ra7 Rxf2 42.Kg1 Rf7 43.Qxf7 Qxf7
44.Rxf7 Kxf7 45.Kf2 Kf6 46.Nc4 Kf5 47.Ke3 Kg4 48.Kxe4 Kxh4 49.Kf4 Nf6 50.Ne3 Ne8
51.c4 Nc7 52.Nf5 Kh3 53.Kg5 Ne8 54.Kxh5 Kg2 55.Kg6 Kf3 56.Kf7 Kf4 57.Kxe8 Kxf5
58.Ke7 Ke5 59.Kd7 Kd4 60.Kxd6 Kxc4 61.Ke6 Kb3 62.d6 c4 63.d7 c3 64.d8=Q c2
65.Qd2 Kb2 66.Kd5 Kb1 67.Qb4 Ka2 68.Qc4 Kb2 69.Qb4 Ka2 70.Qc3 Kb1 71.Qb3 Ka1
72.Qxc2 1/2-1/2

[Event "Cto. Navarra por equipos - Division Hono"]
[Site "?"]
[Date "2017.10.21"]
[Round "2"]
[White "Gonzalez Etayo, Oihana"]
[Black "Argaya Urdaniz, Miguel"]
[Result "0-1"]
[WhiteElo "1801"]
[BlackElo "1920"]

1.d4 Nf6 2.Nf3 g6 3.Bf4 Bg7 4.h3 d5 5.e3 c5 6.c3 c4 7.Be2 b5 8.a4 Qb6 9.Nbd2 Bb7
10.axb5 O-O 11.b3 cxb3 12.Qxb3 Nbd7 13.O-O Rfc8 14.Rfc1 Ne4 15.Nxe4 dxe4 16.Nd2
e5 17.Bg3 Qf6 18.Qb4 Bf8 19.Qb3 h5 20.f4 exd4 21.cxd4 Rxc1 22.Rxc1 Nb6 23.Qb1
Qe6 24.Nc4 Bd5 25.Ne5 Bd6 26.Nc6 f5 27.Be1 Kh7 28.Bb4 Kh6 29.Bxd6 Qxd6 30.Rc2 g5
31.fxg5 Kxg5 32.Qf1 Rf8 33.Ne5 f4 34.h4 Kh6 35.exf4 Qb4 36.Nc6 Qb3 37.Qc1 Qg3
38.f5 e3 39.Bf1 Rxf5 40.Re2 Bc4 41.Ne7 Rf2 42.Qxe3 Qxe3 43.Rxe3 Rxf1 44.Kh2 Bxb5
45.Re5 Bc4 46.Nf5 Kg6 47.Ne3 Rf4 48.Rg5 Kf6 49.Rxh5 Rxd4 50.g4 Rd3 51.g5 Ke5
52.Ng4 Kf5 53.Nf2 Rf3 54.Kg2 Bd5 55.g6 Kxg6 56.Rxd5 Rxf2 0-1

[Event "Cto. Navarra por equipos - Division Hono"]
[Site "?"]
[Date "2017.10.21"]
[Round "2"]
[White "Sanchez Salazar, Kiko"]
[Black "Gastesi Urroz, Mikel"]
[Result "0-1"]
[WhiteElo "1846"]
[BlackElo "1682"]

1.e4 d6 2.Nf3 Nf6 3.Nc3 Nbd7 4.d4 e5 5.Bc4 h6 6.Qd3 Be7 7.Be3 c6 8.Bb3 Qc7
9.dxe5 dxe5 10.Ne2 Ng4 11.Ng3 Nxe3 12.Qxe3 Nc5 13.Nf5 Bxf5 14.exf5 Qa5 15.Ke2
O-O 16.h4 e4 17.Nd2 Nxb3 18.axb3 Qxf5 19.Nxe4 Rfe8 20.f3 Bc5 21.g4 Bxe3 22.gxf5
Bb6 23.Rad1 Rad8 24.Rxd8 Bxd8 25.Ke3 Re5 26.Kf4 Bc7 27.Kg4 h5 28.Kg5 g6 29.Ng3
Kg7 30.Rh3 Rd5 31.c4 f6 0-1

[Event "Cto. Navarra por equipos - Division Hono"]
[Site "?"]
[Date "2017.10.28"]
[Round "3"]
[White "Reinaldo Castineira, Roi"]
[Black "Zamarbide Inarrea, Daniel"]
[Result "1-0"]
[WhiteElo "2496"]
[BlackElo "2178"]

1.e4 c5 2.Nc3 Nc6 3.Bb5 g6 4.Bxc6 dxc6 5.d3 Bg7 6.Be3 b6 7.Qd2 Qc7 8.Nge2 Nf6
9.h3 Bd7 10.a3 O-O 11.Bh6 Rfd8 12.Bxg7 Kxg7 13.Qe3 e5 14.O-O Nh5 15.b4 cxb4
16.axb4 Be6 17.Ra4 Nf4 18.Rfa1 Rd7 19.Nxf4 exf4 20.Qf3 g5 21.Ne2 c5 22.bxc5 bxc5
23.Ra5 h6 24.g3 fxg3 25.Nxg3 Qe5 26.Qe3 Qd4 27.Qf3 Qe5 28.Ne2 g4 29.hxg4 Kh7
30.Ng3 Rg8 31.Rxa7 Bxg4 32.Qe3 h5 33.R1a6 f6 34.Kf1 h4 35.Nf5 Bxf5 36.exf5 Rxa7
37.Rxa7 Rg7 38.Qxe5 fxe5 39.Rxg7 Kxg7 40.Kg2 Kf6 41.Kh3 Kxf5 42.Kxh4 Kf4 43.Kh5
Kf5 44.f3 Kf6 45.Kg4 Kg6 46.f4 exf4 47.Kxf4 Kf6 48.Ke4 Ke6 49.d4 c4 50.d5 Kd6
51.c3 1-0

[Event "Cto. Navarra por equipos - Division Hono"]
[Site "?"]
[Date "2017.10.28"]
[Round "3"]
[White "Cortes Bueno, Jesus Javier"]
[Black "Martinez Martin, Inigo"]
[Result "1-0"]
[WhiteElo "2191"]
[BlackElo "2172"]

1.e4 c6 2.d4 d5 3.Nd2 h6 4.Ngf3 dxe4 5.Nxe4 Bg4 6.Bc4 e6 7.c3 b5 8.Bb3 Nd7 9.O-O
Ngf6 10.Ng3 Nh5 11.h3 Nxg3 12.fxg3 Bh5 13.Qe2 Be7 14.Bc2 O-O 15.g4 Bg6 16.Bxg6
fxg6 17.Qxe6 Kh7 18.Qxc6 Rb8 19.Qe4 Bd6 20.Bd2 Rb6 21.Rae1 Bg3 22.Re2 Nf6 23.Qd3
Nd5 24.Ng5 hxg5 25.Rxf8 Bh2 26.Kxh2 Qxf8 27.Bxg5 Qd6 28.Qg3 Qd7 29.Re5 Re6
30.Rxe6 Qxe6 31.Qe5 Qd7 32.Bd2 a6 33.b3 Qc6 34.Qg3 Kg8 35.Qf3 Qc7 36.Kh1 Qc6
37.Qe4 Kf7 38.h4 Qd6 39.h5 gxh5 40.Qf5 Kg8 41.gxh5 Ne7 42.Qe5 Qd7 43.c4 Nf5
44.Qd5 Qxd5 45.cxd5 Ng3 46.Kg1 Nxh5 47.Bg5 Kf7 48.Kf2 g6 49.Kf3 Ng7 50.g4 Ne8
51.Ke4 a5 52.Ke5 1-0